| 000 -LEADER |
| fixed length control field |
01070nam a2200253Ia 4500 |
| 003 - CONTROL NUMBER IDENTIFIER |
| control field |
OSt |
| 005 - DATE AND TIME OF LATEST TRANSACTION |
| control field |
20241221094615.0 |
| 007 - PHYSICAL DESCRIPTION FIXED FIELD--GENERAL INFORMATION |
| fixed length control field |
ca aa aaaaa |
| 008 - FIXED-LENGTH DATA ELEMENTS--GENERAL INFORMATION |
| fixed length control field |
201103s9999 xx 000 0 und d |
| 040 ## - CATALOGING SOURCE |
| Transcribing agency |
SSBUL |
| 041 ## - LANGUAGE CODE |
| Language code of text/sound track or separate title |
bur |
| 082 ## - DEWEY DECIMAL CLASSIFICATION NUMBER |
| Classification number |
၂၉၄.၃၃၆၈ |
| Item number |
ဆန် |
| 100 ## - MAIN ENTRY--PERSONAL NAME |
| Personal name |
ဆန္ဒာဓိက၊ အရှင်၊ ရွှေပါရမီတောရ |
| 245 10 - TITLE STATEMENT |
| Title |
အကြင်နာပေါင်းရှစ်သောင်းလေးထောင် / |
| Statement of responsibility, etc. |
အရှင်ဆန္ဒာဓိက ။ |
| 250 ## - EDITION STATEMENT |
| Edition statement |
ဒုတိယအကြိမ် ။ |
| 260 ## - PUBLICATION, DISTRIBUTION, ETC. |
| Place of publication, distribution, etc. |
ရန်ကုန် ၊ |
| Name of publisher, distributor, etc. |
ရွှေပါရမီဓမ္မစာပေပြန့်ပွားရေး ၊ |
| Date of publication, distribution, etc. |
၂၀၀၈ ။ |
| 300 ## - PHYSICAL DESCRIPTION |
| Extent |
၂၅၂ စာမျက်နှာ ၊ |
| Other physical details |
ပုံများ ၊ |
| Dimensions |
၁၈ စင်တီ ။ |
| 440 ## - SERIES STATEMENT/ADDED ENTRY--TITLE |
| Title |
ရွှေပါမီစာစဉ်(၄၀) |
| 9 (RLIN) |
54929 |
| 500 ## - GENERAL NOTE |
| General note |
S-SAT: Dr. Sai Aung Tun |
| 650 ## - SUBJECT ADDED ENTRY--TOPICAL TERM |
| Topical term or geographic name entry element |
တရားတေ် |
| 9 (RLIN) |
34569 |
| 942 ## - ADDED ENTRY ELEMENTS (KOHA) |
| Koha item type |
Books (Long term) |
| Source of classification or shelving scheme |
|
|
| Source of classification or shelving scheme |
|
|
| Source of classification or shelving scheme |
|